[Event "ROU-chT Men Superliga 2018"]
[Site "Sovata"]
[Date "2018.11.30"]
[Round "7"]
[White "Ognean, Mihnea-Ionut"]
[Black "Casangiu, Paul-Horatiu"]
[Result "1-0"]
[WhiteElo "2291"]
[BlackElo "2027"]
[Annotator "RC"]
[PlyCount "73"]
[EventDate "2018.11.24"]
[EventType "team-tourn"]
[EventCountry "ROU"]
[SourceTitle "playchess.com"]
[Source "ChessBase"]
[SourceQuality "1"]
[TimeControl "40/5400+30:1800+30"]

1. d4 {[%emt 0:00:00]} Nf6 {[%emt 0:01:21]} 2. c4 {[%emt 0:00:22]} d5 {[%emt 0:01:12]} 3. cxd5 {[%emt 0:01:02]} Nxd5 {[%emt 0:00:34]} 4. e4 {[%emt 0:00:07]} Nb6 {[%emt 0:01:00]} 5. Be3 {[%emt 0:05:08]} e5 {[%emt 0:05:44]} 6. Nf3 {[%emt 0:13:24]} Bg4 {[%emt 0:01:46]} 7. Bb5+ {[%emt 0:00:40]} c6 {[%emt 0:00:33]} 8. Be2 {[%emt 0:00:05]} Bb4+ {[%emt 0:00:56]} 9. Nc3 {[%emt 0:03:06]} Bxf3 {[%emt 0:01:26]} 10. gxf3 {[%emt 0:02:08]} N8d7 {[%emt 0:02:24]} 11. Rg1 {[%emt 0:13:00]} g6 {[%emt 0:02:04]} 12. Qb3 {[%emt 0:00:42]} Qe7 {[%emt 0:02:55]} 13. O-O-O {[%emt 0:06:11]} O-O-O {[%emt 0:01:06]} 14. a3 {[%emt 0:07:25]} Bd6 {[%emt 0:03:06]} 15. d5 {[%emt 0:00:29]} c5 {[%emt 0:09:12]} 16. Kb1 {[%emt 0:01:27]} h6 {[%emt 0:03:15]} 17. Rc1 {[%emt 0:01:28]} Kb8 {[%emt 0:00:57]} 18. a4 {[%emt 0:01:42]} Ka8 {[%emt 0:05:12]} 19. a5 {[%emt 0:02:19]} Nc8 {[%emt 0:00:01]} 20. a6 {[%emt 0:01:31]} b6 {[%emt 0:02:04]} 21. Bb5 {[%emt 0:02:17]} Nb8 {[%emt 0:02:29]} 22. Qa4 {[%emt 0:02:41]} Qc7 {[%emt 0:00:49]} 23. Rgd1 {[%emt 0:02:40]} f5 {[%emt 0:00:29]} 24. Rc2 {[%emt 0:07:02]} f4 {[%emt 0:00:42]} 25. Bc1 {[%emt 0:00:03]} g5 {[%emt 0:05:09]} 26. b4 {[%emt 0:01:06]} Ne7 {[%emt 0:02:09]} 27. Ba3 {[%emt 0:01:24]} Rc8 {[%emt 0:01:14]} 28. Na2 {[%emt 0:00:57]} Rhd8 {[%emt 0:00:40]} 29. Rdc1 {[%emt 0:00:10]} Nd7 {[%emt 0:00:11]} 30. Rc4 {[%emt 0:01:01]} Rb8 {[%emt 0:06:11]} 31. R1c2 {[%emt 0:03:39]} h5 {[%emt 0:00:52]} 32. h3 {[%emt 0:00:12]} Rbc8 {[%emt 0:02:06]} 33. Nc1 {[%emt 0:00:10]} Rb8 {[%emt 0:10:33]} 34. Nd3 {[%emt 0:00:33]} Qc8 {[%emt 0:02:40]} 35. Ka2 {[%emt 0:00:21]} Nf6 {[%emt 0:00:58]} 36. bxc5 {[%emt 0:00:34]} bxc5 {[%emt 0:00:11]} 37. Bxc5 {[%emt 0:02:14]} 1-0

[Event "ROU-chT Men Superliga 2018"]
[Site "Sovata"]
[Date "2018.11.30"]
[Round "7"]
[White "Gheorghiu, Calin"]
[Black "Morozov, Nichita"]
[Result "1/2-1/2"]
[WhiteElo "2278"]
[BlackElo "2439"]
[Annotator "TA"]
[PlyCount "52"]
[EventDate "2018.11.24"]
[EventType "team-tourn"]
[EventCountry "ROU"]
[SourceTitle "playchess.com"]
[Source "ChessBase"]
[SourceQuality "1"]

{[%evp 18,52,20,0,10,27,38,0,0,0,0,-8,0,0,0,0,0,0,0,0,0,0,0,0,0,0,0,-42,-4,-12,-6,-7,0,0,0,-13,0]} 1. d4 Nf6 2. c4 g6 3. Nc3 d5 4. cxd5 Nxd5 5. e4 Nxc3 6. bxc3 Bg7 7. Nf3 c5 8. Be3 O-O 9. Be2 b6 {D85: Exchange Grünfeld: Unusual White 7th moves and lines with 7 Nf3} 10. Qd2 {LiveBook: 3 Games} (10. Rc1 e6 11. Qa4 Bb7 12. e5 Nc6 13. O-O cxd4 14. cxd4 Ne7 15. Nd2 Nd5 16. Nc4 Nxe3 17. fxe3 {½-½ (53) Korobov,A (2678)-Artemiev,V (2704) Poikovsky 2018}) 10... Bb7 11. d5 Nd7 {[%cal Bb8d7,Bd7f6,Bf6e4,Be4d6][%mdl 32] White has an edge.} 12. Bh6 $146 ({Predecessor:} 12. Rd1 Nf6 13. Qc2 Qc7 14. c4 e5 15. a4 Ne8 16. O-O Nd6 {½-½ (50) Goncalves,D (2174)-De Souza Sa,A (1886) Florianopolis 2018}) 12... Nf6 13. Bxg7 Kxg7 14. Qc2 $1 e6 15. c4 exd5 16. exd5 Re8 17. O-O Ne4 18. Bd3 Nd6 $1 19. Qc3+ Qf6 20. Qxf6+ Kxf6 21. a4 Bc8 22. Rfe1 Bf5 23. Bxf5 {The position is equal.} Kxf5 24. Nd2 Rxe1+ 25. Rxe1 Re8 26. Re3 g5 {Accuracy: White = 53%, Black = 52%.} 1/2-1/2

[Event "ROU-chT Men Superliga 2018"]
[Site "Sovata"]
[Date "2018.11.30"]
[Round "7"]
[White "Patrascu, Catalin-Lucian"]
[Black "Baltag, Iulian"]
[Result "1-0"]
[WhiteElo "2268"]
[BlackElo "2414"]
[Annotator "TA"]
[PlyCount "136"]
[EventDate "2018.11.24"]
[EventType "team-tourn"]
[EventCountry "ROU"]
[SourceTitle "playchess.com"]
[Source "ChessBase"]
[SourceQuality "1"]

{[%evp 11,136,22,40,10,0,2,0,0,-6,-27,-7,-21,-22,-17,0,-14,-8,-29,-16,-25,-2,7,0,-43,-49,-37,0,-18,-13,-21,0,0,0,0,0,0,0,-3,0,0,4,4,7,6,42,27,76,60,77,52,136,0,85,78,81,-13,0,-15,-28,-93,-88,-82,59,50,84,0,122,118,148,165,119,152,158,177,302,313,322,278,362,345,639,611,799,787,785,766,1133,837,853,574,1012,978,1036,1035,1022,1016,872,867,1204,1163,1181,1175,1164,1093,1039,887,989,978,975,956,895,824,812,815,819,816,779,770,1108,1095,1028,972,4141,4141,4141,2906,29982]} 1. e4 c5 2. Nf3 Nc6 3. Bb5 e6 4. O-O Nge7 5. Re1 a6 6. Bf1 g6 {LiveBook: 13 Games} 7. d3 {B30: Sicilian: 2...Nc6 3 Bb5, lines without ...g6} (7. c3 Bg7 8. d4 cxd4 9. cxd4 d5 10. Nc3 dxe4 11. Nxe4 Nd5 12. Bg5 f6 13. Bh4 O-O 14. Nc5 Re8 15. Rc1 g5 {1-0 (47) Lu,S (2546)-Polgar,J (2685) Dubai 2014}) 7... Bg7 8. Nbd2 d6 9. c3 {The position is equal.} O-O 10. g3 e5 $146 ({Predecessor:} 10... b5 11. Bg2 Rb8 12. Nf1 b4 13. d4 cxd4 14. cxd4 d5 15. e5 Qb6 {1-0 (41) Prueske,W (2058)-Dierkes,T (2110) Germany 2015}) 11. a3 h6 12. b4 Be6 13. Bg2 Rc8 14. Rb1 b5 15. Nf1 cxb4 16. axb4 d5 17. N1d2 d4 $1 {[%cal Rd4c3]} 18. cxd4 exd4 19. Nf1 a5 20. bxa5 Qxa5 21. Bf4 Rfd8 22. h4 b4 23. N1d2 Qb5 24. Nb3 Kh7 25. Qd2 Ra8 26. Rec1 Ra3 27. Qd1 Qa4 {[%cal Re6b3]} 28. Nfd2 Qb5 29. Nc4 Ra2 30. Nd6 Qb6 (30... Qa4 $14) 31. Nc4 ({White should play} 31. Nc5 $16) 31... Qa7 (31... Qb5 $1 $11 {keeps the balance.}) 32. Qe1 f6 33. Bd2 (33. Bd6 $16) 33... Bxc4 $1 $11 34. dxc4 Ne5 35. Qf1 (35. Qd1 $11) 35... N7c6 $1 $17 36. c5 Qa3 (36... d3 $1 $17) 37. h5 $1 $14 gxh5 38. Qd1 {[#]} (38. f4 $1 $16 {[%cal Rf4e5]} Ng4 39. Qd3) 38... d3 (38... h4 $1 $11 {[%mdl 512]}) 39. Qxh5 $16 Rb2 40. Rxb2 Qxb2 {[#]} 41. Qd1 $1 Kh8 {[#]} 42. Bh3 $1 {[%cal Bg2h3,Bh3e6,Be6d5,Bd5e4][%mdl 32]} Nf7 (42... Nf3+ $142 43. Qxf3 Qxb3) 43. Be6 $18 Ng5 44. Bd5 Rc8 45. f4 Nxe4 $2 (45... Nd4) 46. Bxe4 {White is clearly winning.} Nd4 47. Rb1 Ne2+ 48. Kh2 Qa2 49. Ra1 Qb2 50. Qb1 f5 51. Qxb2 Bxb2 52. Ra8 Rxa8 53. Bxa8 {Threatens to win with c6.} Nc3 54. Bf3 Ba3 55. c6 Nb5 56. Bd5 Kg7 57. Bc4 Nc7 58. Bxd3 Kf6 59. Be2 Ke6 60. Bf3 Kd6 61. Nd4 Kc5 62. Nxf5 b3 63. Nxh6 Kd4 64. Bd1 Kd3 65. Ba5 b2 66. Bh5 ({Not} 66. Bxc7 b1=Q $17) 66... Bd6 67. Bg6+ Kc4 68. Nf7 Kd5 {Accuracy: White = 57%, Black = 35%.} 1-0

[Event "ROU-chT Men Superliga 2018"]
[Site "Sovata"]
[Date "2018.11.30"]
[Round "7"]
[White "Daianu, Cristian-Clement"]
[Black "Scripcaru, George-Daniel"]
[Result "1/2-1/2"]
[WhiteElo "2160"]
[BlackElo "2176"]
[Annotator "NA RC"]
[PlyCount "35"]
[EventDate "2018.11.24"]
[EventType "team-tourn"]
[EventCountry "ROU"]
[SourceTitle "playchess.com"]
[Source "ChessBase"]
[SourceQuality "1"]
[TimeControl "40/5400+30:1800+30"]

1. e4 {[%emt 0:00:00]} c6 {[%emt 0:00:00]} 2. d4 {[%emt 0:01:37]} d5 {[%emt 0:00:00]} 3. f3 {[%emt 0:00:45]} dxe4 {[%emt 0:02:12]} 4. fxe4 {[%emt 0:00:08]} e5 {[%emt 0:00:03]} 5. Nf3 {[%emt 0:00:11]} exd4 {[%emt 0:00:15]} 6. Bc4 {[%emt 0:00:22]} Qa5+ {[%emt 0:08:24]} 7. c3 {[%emt 0:11:19]} d3 {[%emt 0:18:44]} 8. Qxd3 {[%emt 0:16:23]} Nd7 {[%emt 0:02:26]} 9. O-O {[%emt 0:16:23]} Nc5 {[%emt 0:10:04]} 10. Qe2 {[%emt 0:13:51]} Ne6 {[%emt 0:00:59]} 11. Nd4 {[%emt 0:08:03]} Nf6 {[%emt 0:15:45]} 12. e5 {[%emt 0:19:31]} Nxd4 {[%emt 0:04:05]} 13. cxd4 {[%emt 0:00:09]} Nd5 {[%emt 0:00:06]} 14. Nc3 {[%emt 0:03:01]} Be6 {[%emt 0:00:12]} 15. Bg5 {[%emt 0:01:51]} h6 {[%emt 0:06:55]} 16. Bh4 $16 {[%emt 0:00:40]} Be7 {[%emt 0:04:42]} 17. Bxe7 {[%emt 0:00:19]} Kxe7 {[%emt 0:00:19]} 18. Ne4 {[%emt 0:00:47]} 1/2-1/2

[Event "ROU-chT Men Superliga 2018"]
[Site "Sovata"]
[Date "2018.11.30"]
[Round "7"]
[White "Andronescu, Madalin"]
[Black "Stoleriu, George"]
[Result "0-1"]
[WhiteElo "2070"]
[BlackElo "2362"]
[Annotator "ChessBase"]
[PlyCount "84"]
[EventDate "2018.11.24"]
[EventType "team-tourn"]
[EventCountry "ROU"]
[SourceTitle "playchess.com"]
[Source "ChessBase"]
[SourceQuality "1"]
[TimeControl "40/5400+30:1800+30"]

1. e4 {[%emt 0:00:00]} e6 {[%emt 0:00:00]} 2. d4 {[%emt 0:00:00]} d5 {[%emt 0:00:00]} 3. Nc3 {[%emt 0:00:00]} Bb4 {[%emt 0:00:00]} 4. e5 {[%emt 0:02:16]} c5 {[%emt 0:00:00]} 5. a3 {[%emt 0:00:04]} Bxc3+ {[%emt 0:00:00]} 6. bxc3 {[%emt 0:00:05]} Qc7 {[%emt 0:00:03]} 7. Qg4 {[%emt 0:00:37]} f6 {[%emt 0:00:07]} 8. exf6 {[%emt 0:04:54]} Nxf6 {[%emt 0:01:51]} 9. Qg3 {[%emt 0:00:06]} Qa5 {[%emt 0:02:09]} 10. Bd2 {[%emt 0:36:47]} O-O {[%emt 0:01:46]} 11. f3 {[%emt 0:00:07]} Nc6 {[%emt 0:04:40]} 12. Qd6 {[%emt 0:15:46]} cxd4 {[%emt 0:02:42]} 13. cxd4 {[%emt 0:00:10]} Qb6 {[%emt 0:00:07]} 14. c3 {[%emt 0:01:11]} e5 {[%emt 0:00:40]} 15. Bd3 {[%emt 0:04:41]} Rd8 {[%emt 0:21:08]} 16. Qc5 {[%emt 0:00:20]} Qxc5 {[%emt 0:00:29]} 17. dxc5 {[%emt 0:00:08]} Nd7 {[%emt 0:00:03]} 18. Be3 {[%emt 0:03:17]} d4 {[%emt 0:02:00]} 19. Bc4+ {[%emt 0:07:42]} Kh8 {[%emt 0:02:39]} 20. Bg5 {[%emt 0:02:55]} Re8 {[%emt 0:00:08]} 21. Bf7 {[%emt 0:00:05]} Rf8 {[%emt 0:00:04]} 22. Bd5 {[%emt 0:00:36]} Nxc5 {[%emt 0:00:42]} 23. Ne2 {[%emt 0:02:30]} Ne6 {[%emt 0:09:02]} 24. Bh4 {[%emt 0:03:28]} d3 {[%emt 0:07:03]} 25. Bxc6 {[%emt 0:00:06]} bxc6 {[%emt 0:00:45]} 26. Nc1 {[%emt 0:00:09]} Ba6 {[%emt 0:01:54]} 27. Ra2 {[%emt 0:04:32]} Rab8 {[%emt 0:01:28]} 28. Rd2 {[%emt 0:00:30]} Rb1 {[%emt 0:02:19]} 29. O-O {[%emt 0:00:28]} e4 {[%emt 0:02:06]} 30. Bf2 {[%emt 0:02:42]} exf3 {[%emt 0:00:53]} 31. Rfd1 {[%emt 0:05:18]} Nf4 {[%emt 0:14:17]} 32. Na2 {[%emt 0:00:17]} Rxd1+ {[%emt 0:00:29]} 33. Rxd1 {[%emt 0:00:04]} Bc4 {[%emt 0:06:06]} 34. Rd2 {[%emt 0:01:52]} Rb8 {[%emt 0:02:59]} 35. Bxa7 {[%emt 0:01:18]} Rb1+ {[%emt 0:03:13]} 36. Kf2 {[%emt 0:00:07]} fxg2 {[%emt 0:00:14]} 37. Kf3 {[%emt 0:00:12]} g5 {[%emt 0:02:46]} 38. Nb4 {[%emt 0:00:21]} g1=Q {[%emt 0:01:17]} 39. Bxg1 {[%emt 0:00:08]} Rxg1 {[%emt 0:00:02]} 40. h4 {[%emt 0:00:00]} h6 {[%emt 0:00:00]} 41. hxg5 {[%emt 0:03:38]} hxg5 {[%emt 0:00:35]} 42. Ke3 {[%emt 0:00:04]} c5 {[%emt 0:00:57] Kd4} 0-1

[Event "ROU-chT Men Superliga 2018"]
[Site "Sovata"]
[Date "2018.12.01"]
[Round "8"]
[White "Parligras, Mircea-Emilian"]
[Black "Kuzubov, Yuriy"]
[Result "1/2-1/2"]
[WhiteElo "2645"]
[BlackElo "2660"]
[Annotator "TA"]
[PlyCount "59"]
[EventDate "2018.11.24"]
[EventType "team-tourn"]
[EventCountry "ROU"]
[SourceTitle "playchess.com"]
[Source "ChessBase"]
[SourceQuality "1"]

{[%evp 9,59,-15,21,20,35,13,20,12,27,14,19,0,20,2,37,28,25,22,39,27,33,29,35,44,49,52,50,49,47,47,58,33,47,47,45,49,39,45,58,29,35,17,15,0,0,0,0,0,0,-12,5,10]} 1. d4 Nf6 2. c4 e6 3. Nf3 d5 4. Nc3 Nbd7 5. Qc2 c5 (5... Bb4 6. cxd5 exd5 7. Bg5 h6 8. Bh4 g5 9. Bg3 Ne4 10. Nd2 Nxg3 11. hxg3 c6 12. e3 Kf8 13. Bd3 Nf6 14. a3 Ba5 15. Nb3 Bc7 {1-0 (41) Melkumyan,H (2660)-Naiditsch,A (2721) Batumi 2018}) 6. cxd5 {D37: Queen's Gambit Declined: 5 Bf4} Nxd5 7. Bg5 $146 ({Predecessor:} 7. Nxd5 exd5 8. e3 Be7 9. Be2 O-O 10. O-O b6 11. b3 Bb7 12. Bd3 h6 13. Bb2 {0-1 (74) Lauber,A (2517)-Stern,R (2501) Germany 2010}) 7... Qa5 8. Bd2 {[#] Strongly threatening Nxd5.} cxd4 9. Nxd4 Nxc3 (9... Be7 {is interesting.} 10. e3 Nb4 11. Qb1 O-O 12. Be2 Nf6) 10. Qxc3 Qxc3 11. Bxc3 a6 12. g3 Nb6 13. Bg2 Nd5 14. Bxd5 exd5 15. O-O Be7 16. Nc2 f6 17. Ne3 Be6 18. Rfd1 Rd8 19. Rd3 Kf7 20. a3 Rd7 21. Rad1 Rhd8 22. Kf1 Bc5 {[#] aiming for ...d4.} 23. Bd4 Be7 24. Rc1 Rd6 25. Rb3 Rc6 {The position is equal.} 26. Rxc6 bxc6 27. Rb7 Rd7 28. Rxd7 $1 Bxd7 29. b4 Bd6 30. Ke1 {Precision: White = 67%, Black = 59%.} 1/2-1/2

[Event "ROU-chT Men Superliga 2018"]
[Site "Sovata"]
[Date "2018.12.01"]
[Round "8"]
[White "Baklan, Vladimir"]
[Black "Deac, Bogdan-Daniel"]
[Result "1/2-1/2"]
[WhiteElo "2605"]
[BlackElo "2598"]
[Annotator "TA"]
[PlyCount "69"]
[EventDate "2018.11.24"]
[EventType "team-tourn"]
[EventCountry "ROU"]
[SourceTitle "playchess.com"]
[Source "ChessBase"]
[SourceQuality "1"]

{[%evp 22,69,23,8,10,14,14,14,20,18,10,10,15,10,13,12,20,0,21,0,0,0,0,0,0,0,0,0,11,0,0,0,0,0,0,0,0,0,0,0,0,0,8,0,9,0,0,0,15,0]} 1. e4 {[%cal Be2e4,Be4e5][%mdl 32]} c5 2. Nf3 Nc6 3. Bb5 g6 4. O-O Bg7 5. Re1 Nf6 {[%cal Bg8f6,Bf6d5,Bd5c7,Bc7e6][%mdl 32]} 6. e5 Nd5 7. Nc3 Nc7 8. Bxc6 dxc6 9. Ne4 Ne6 10. d3 h6 {B31: Sicilian: 2...Nc6 3 Bb5 g6} 11. Be3 b6 12. Qd2 {LiveBook: 6 Games} (12. a3 a5 13. Qd2 a4 14. h4 Kf8 15. Ng3 Nd4 16. Nxd4 cxd4 17. Bf4 c5 18. f3 {½-½ (55) Shcherbakov,R (2516)-Matlakov,M (2683) Sochi 2018}) 12... Nd4 {The position is equal.} 13. Nxd4 $146 ({Predecessor:} 13. Bxd4 cxd4 14. Nf6+ Kf8 15. Ne4 Be6 16. c3 dxc3 17. bxc3 Qd7 18. d4 {1-0 (42) De Oliveira,S (2293)-Rocha,W (2434) Varginha 2009}) 13... cxd4 14. Bf4 Be6 15. h4 a5 16. c4 Bf5 17. Rab1 c5 18. a3 a4 19. f3 (19. Ng3 {is more complex.} Be6 20. b4 axb3 21. Rxb3 Ra6 22. Ne4) 19... h5 20. Re2 Bxe4 21. Rxe4 Qc8 22. e6 f5 23. Re2 O-O 24. Bg5 Bf6 25. Qf4 Qb8 26. Qxb8 Rfxb8 27. b4 axb3 28. Rxb3 Kg7 29. Bf4 Rc8 30. g3 Rc6 31. Kf2 Kh7 32. Kf1 Ra7 33. Bb8 Ra8 34. Bf4 Ra7 35. Bb8 {Precision: White = 47%, Black = 78%.} 1/2-1/2

[Event "ROU-chT Men Superliga 2018"]
[Site "Sovata"]
[Date "2018.12.01"]
[Round "8"]
[White "Svetushkin, Dmitry"]
[Black "Rogozenco, Dorian"]
[Result "1/2-1/2"]
[WhiteElo "2605"]
[BlackElo "2495"]
[Annotator "TA"]
[PlyCount "52"]
[EventDate "2018.11.24"]
[EventType "team-tourn"]
[EventCountry "ROU"]
[SourceTitle "playchess.com"]
[Source "ChessBase"]
[SourceQuality "1"]

{[%evp 29,52,0,0,-6,5,8,10,-13,0,-18,0,-16,0,0,0,-14,0,0,0,0,0,-25,-29,-42,87]} 1. e4 c5 2. Nf3 Nc6 3. d4 cxd4 4. Nxd4 Nf6 5. Nc3 e5 6. Ndb5 {[%cal Bd4b5,Bb5a3,Ba3c2][%mdl 32]} d6 7. Bg5 a6 8. Na3 b5 {[%cal Bb7b5,Bb5b4][%mdl 32]} 9. Nd5 Be7 10. Bxf6 Bxf6 11. c4 b4 {B33: Sicilian: Pelikan and Sveshnikov Variations} 12. Nc2 O-O 13. h4 (13. g3 Bg5 14. Bg2 a5 15. O-O Ne7 16. Nce3 Bxe3 17. Nxe3 Be6 18. Rc1 Nc6 19. Nf5 {1-0 (54) Harikrishna,P (2744)-Yu,Y (2751) Huaian 2017}) 13... a5 14. g3 Be6 15. Bg2 g6 {LiveBook: 5 Games} 16. Qd3 Bg7 17. h5 a4 18. hxg6 $146 ({Predecessor:} 18. Nce3 Rc8 19. Bh3 Qa5 20. Kf1 Qc5 {½-½ (69) Alquist,E (2046)-Henderson de la Fuente,L (2224) Stockholm 2016}) 18... hxg6 19. Nce3 b3 20. a3 Qa5+ 21. Kf1 Qa7 22. Rd1 Nd4 23. g4 Rfc8 24. g5 Kf8 25. Nf6 Qa6 {[%cal Re6c4]} 26. Kg1 Ra7 {Accuracy: White = 58%, Black = 42%.} (26... Bxc4 $15 {stays ahead.} 27. Nxc4 Qxc4 28. Qxc4 Rxc4 29. Nd7+ Kg8) 1/2-1/2

[Event "ROU-chT Men Superliga 2018"]
[Site "Sovata"]
[Date "2018.12.01"]
[Round "8"]
[White "Lupulescu, Constantin"]
[Black "Erdos, Viktor"]
[Result "1/2-1/2"]
[WhiteElo "2601"]
[BlackElo "2604"]
[Annotator "TA"]
[PlyCount "56"]
[EventDate "2018.11.24"]
[EventType "team-tourn"]
[EventCountry "ROU"]
[SourceTitle "playchess.com"]
[Source "ChessBase"]
[SourceQuality "1"]

{[%evp 21,56,6,14,15,14,14,31,3,13,-17,15,6,50,52,62,59,52,54,55,59,58,45,48,49,70,39,38,38,43,38,42,42,45,45,51,43,43]} 1. d4 Nf6 2. c4 e6 3. Nf3 b6 4. g3 Ba6 5. Qb3 Nc6 6. Nbd2 Na5 7. Qc3 {E15: Queen's Indian: 4 g3 sidelines, 4 g3 Ba6 and 4 g3 Bb7 early deviations} c5 8. dxc5 bxc5 9. e4 Bb7 10. e5 Ne4 11. Nxe4 Bxe4 {LiveBook: 44 Games} 12. Bg2 Nc6 13. O-O Rb8 14. b3 Be7 {[#]} 15. Bb2 $146 Qc7 16. Qe3 Bxf3 17. Bxf3 {White is slightly better.} Nd4 18. Bxd4 cxd4 19. Qxd4 O-O 20. Rad1 Rfd8 21. Qe4 d6 22. exd6 Bxd6 23. Qc6 (23. Rd3 {is more complex.} Bc5 24. Rfd1 Rxd3 25. Qxd3 Qa5 26. Qd2) 23... Qxc6 24. Bxc6 Bc5 25. h4 Kf8 26. h5 h6 27. Kg2 Ke7 28. f4 Rxd1 {Accuracy: White = 32%, Black = 63%.} 1/2-1/2

[Event "ROU-chT Men Superliga 2018"]
[Site "Sovata"]
[Date "2018.12.01"]
[Round "8"]
[White "Jianu, Vlad-Cristian"]
[Black "Grigore, George-Gabriel"]
[Result "1/2-1/2"]
[WhiteElo "2546"]
[BlackElo "2488"]
[Annotator "TA"]
[PlyCount "41"]
[EventDate "2018.11.24"]
[EventType "team-tourn"]
[EventCountry "ROU"]
[SourceTitle "playchess.com"]
[Source "ChessBase"]
[SourceQuality "1"]

{[%evp 25,41,35,80,74,75,78,81,67,95,75,118,114,156,95,123,35,89,29]} 1. d4 Nf6 2. c4 g6 3. Nc3 Bg7 4. e4 d6 5. Nf3 O-O 6. Be2 e5 7. d5 a5 8. Bg5 h6 9. Be3 Ng4 10. Bc1 f5 11. exf5 {E92: King's Indian: Classical: 6 Be2 e5: 7 dxe5, 7 Be3 and Petrosian System without 7...Nbd7} gxf5 12. g3 Na6 13. Nh4 Nc5 {LiveBook: 11 Games} 14. f3 (14. O-O e4 15. Bxg4 fxg4 16. Be3 Bd7 17. Bxc5 dxc5 18. Nxe4 Bd4 19. Qc2 {½-½ (19) Khenkin,I (2551)-Amin,B (2698) Germany 2017}) 14... Nf6 15. Be3 Nh7 $146 ({Predecessor:} 15... b6 16. Qc2 Nh7 17. O-O-O Bd7 18. Kb1 a4 {1-0 (41) Ovcharenko,L (2271)-Ponomarev,A (2257) ICCF email 2013}) 16. Qc2 Bd7 17. O-O-O Qf6 18. Kb1 Rae8 19. Rhe1 ({Better is} 19. Nb5) 19... b6 $16 20. Bf1 (20. Rf1 $16) 20... Rf7 (20... a4 $14) 21. Bf2 {Accuracy: White = 42%, Black = 36%.} (21. Nb5 $16) 1/2-1/2

[Event "ROU-chT Men Superliga 2018"]
[Site "Sovata"]
[Date "2018.12.01"]
[Round "8"]
[White "Nevednichy, Vladislav"]
[Black "Anton, Teodor"]
[Result "1/2-1/2"]
[WhiteElo "2529"]
[BlackElo "2431"]
[Annotator "TA"]
[PlyCount "79"]
[EventDate "2018.11.24"]
[EventType "team-tourn"]
[EventCountry "ROU"]
[SourceTitle "playchess.com"]
[Source "ChessBase"]
[SourceQuality "1"]

{[%evp 15,79,25,31,26,28,22,51,58,62,64,58,64,56,42,49,34,86,79,58,49,80,85,100,71,81,104,86,55,48,48,41,42,55,55,60,56,51,59,58,60,74,48,49,48,79,75,76,72,96,83,155,147,164,167,180,75,71,85,91,0,0,0,0,0,0,7]} 1. e4 c5 2. Nf3 Nc6 3. Bb5 e6 4. O-O Nge7 5. d4 cxd4 6. Nxd4 Qb6 7. Nxc6 {B30: Sicilian: 2...Nc6 3 Bb5, lines without ...g6} dxc6 (7... bxc6 8. Bd3 Ng6 9. c4 Bc5 10. Nc3 Qc7 11. Kh1 e5 12. Na4 Bd4 13. c5 d6 14. Be3 dxc5 15. Nxc5 Bxb2 {0-1 (56) Adams,M (2712)-Adhiban,B (2668) Douglas 2018}) 8. Bd3 Ng6 {LiveBook: 3 Games} 9. Nd2 {White is slightly better.} e5 10. a4 {[%cal Ba2a4,Ba4a5][%mdl 32]} Be6 $146 ({Predecessor:} 10... Qc7 11. Nc4 Be6 12. Be3 b6 13. Qh5 Be7 14. g3 Qc8 15. Nxe5 Nxe5 16. Qxe5 Bf6 17. Qd6 Bxb2 18. Rad1 Bf6 19. Ba6 Qxa6 20. Qxc6+ {1-0 (20) Stany,G (2494)-Toma,R (2354) Arad 2018}) 11. Bc4 Bxc4 12. Nxc4 Qc7 13. a5 Bc5 14. c3 Rd8 15. Qe2 O-O ({Black should try} 15... a6 $14) 16. b4 $16 Be7 17. g3 Qd7 18. Be3 Qd3 19. Qxd3 Rxd3 20. Rac1 a6 21. Rfd1 Rfd8 22. Rxd3 Rxd3 23. Kf1 Kf8 24. Ke2 Rd7 25. h4 {And now h5 would win.} h5 26. Nb2 f6 27. Nd3 Kf7 28. Rb1 Nf8 29. Rd1 Ke8 30. f4 exf4 31. gxf4 ({Reject} 31. Nxf4 Rxd1 32. Kxd1 g6 $11) 31... f5 32. exf5 Bxh4 {[#]} (32... Bf6 $142) 33. Bd4 $1 Be7 34. Rh1 ({Don't take} 34. Bxg7 Bxb4 35. cxb4 Rxg7 $16) 34... Rd5 {[#]} 35. Rxh5 (35. Be5 $1 $18 {and White stays clearly on top.}) 35... g6 36. Rh8 Rxf5 37. Bc5 ({Better is} 37. Kf3 $16) 37... Rh5 $11 {The position is equal.} 38. Bd4 Rxh8 39. Bxh8 Ne6 40. Ke3 {Accuracy: White = 71%, Black = 52%.} 1/2-1/2